000 00704nam a2200289Ia 4500
005 20260324120637.0
008 008 260324s9999 xx 000 0 eng d
020 _a9781003074373
037 _aEBOOK
040 _aCRL
040 _beng
040 _cCRL
041 _2eng
041 _aeng
084 _qCRL
100 _aPhilip Corrigan
_91159398
245 0 _aSocial Forms/Human Capacities (RLE Social Theory)
245 0 _bEssays in Authority and Difference
260 _bTaylor and Francis
260 _c2015
365 _a
365 _b145
856 _uhttp://www.taylorfrancis.com/books/9781003074373
942 _cEBOOK
999 _c1751035
_d1751035